Henry Green Shakespeare and the emblem-writers : an exposition of their thought and expression /
Elmentve itt :
| Szerző: | |
|---|---|
| További közreműködők: | |
| Dokumentumtípus: | Könyv része |
| Megjelent: |
1984
|
| Sorozat: | Acta Universitatis Szegediensis de Attila József nominatae : papers in english and american studies
3 Papers in English and American studies : Tomus III. - Shakespeare and the emblem : studies in Renaissance iconography and iconology 3 |
| Kulcsszavak: | William Shakespeare, Angol irodalom története - 16-17. sz. - könyvismertetés, Szimbólum - irodalmi - könyvismertetés |
| Tárgyszavak: | |
| Online Access: | http://acta.bibl.u-szeged.hu/68630 |
| LEADER | 01132naa a2200241 i 4500 | ||
|---|---|---|---|
| 001 | acta68630 | ||
| 005 | 20250124102111.0 | ||
| 008 | 250121s1984 hu o 000 eng d | ||
| 022 | |a 0230-2780 | ||
| 040 | |a SZTE Egyetemi Kiadványok Repozitórium |b hun | ||
| 041 | |a eng | ||
| 100 | 1 | |a Fabiny Tibor | |
| 245 | 1 | 0 | |a Henry Green |h [elektronikus dokumentum] : |b Shakespeare and the emblem-writers : an exposition of their thought and expression / |c Fabiny Tibor |
| 260 | |c 1984 | ||
| 300 | |a 432-435 | ||
| 490 | 0 | |a Acta Universitatis Szegediensis de Attila József nominatae : papers in english and american studies |v 3 | |
| 490 | 0 | |a Papers in English and American studies : Tomus III. - Shakespeare and the emblem : studies in Renaissance iconography and iconology |v 3 | |
| 650 | 4 | |a Bölcsészettudományok | |
| 650 | 4 | |a Nyelvek és irodalom | |
| 650 | 4 | |a Általános irodalomtudományok | |
| 695 | |a William Shakespeare, Angol irodalom története - 16-17. sz. - könyvismertetés, Szimbólum - irodalmi - könyvismertetés | ||
| 700 | 0 | 1 | |a Green Henry |
| 856 | 4 | 0 | |u http://acta.bibl.u-szeged.hu/68630/1/papers_003_432-435.pdf |z Dokumentum-elérés |